| 000 | 01023cam a22003018a 4500 | ||
|---|---|---|---|
| 001 | 15522572 | ||
| 003 | OSt | ||
| 005 | 20170105102902.0 | ||
| 008 | 081114s2009 enk b 001 0 eng | ||
| 010 | _a 2008049958 | ||
| 020 | _a9780415485340 (cloth : alk. paper) | ||
| 020 | _a9780203877067 (ebook) | ||
| 040 |
_aDLC _cDLC |
||
| 050 | 0 | 0 |
_aJA83 _b.H93 2009 |
| 082 | 0 | 0 |
_a320.5 _222 _bHYB 2009 |
| 100 | 1 | _aHybel, Alex Roberto. | |
| 245 | 1 | 4 |
_aThe power of ideology : _bfrom the Roman Empire to Al-Qaeda / _cAlex Roberto Hybel. |
| 260 |
_aMilton Park, Abingdon, Oxon ; _aNew York : _bRoutledge, _c2009. |
||
| 263 | _a0905 | ||
| 300 | _ap. cm. | ||
| 490 | 0 |
_aRoutledge advances in international relations and global politics ; _v73 |
|
| 504 | _aIncludes bibliographical references and index. | ||
| 650 | 0 |
_aPolitical science _xHistory. |
|
| 650 | 0 |
_aIdeology _xHistory. |
|
| 906 |
_a7 _bcbc _corignew _d1 _eecip _f20 _gy-gencatlg |
||
| 942 |
_2ddc _cBK |
||
| 999 |
_c14679 _d14679 |
||